• 首页
  • 本馆介绍
  • 公告通知
  • 最新文献
  • 馆藏检索
  • 电子资源
  • 读者导购
  • 参考咨询
  • 我的图书馆
  • 登录
  • 详细信息显示
  • 放入我的书架
  • 预约/预借图书
  • 作者相关作品
  • 分类相关作品
  • 丛书相关作品
  • 出版社相关作品

书目信息

  • 表格格式
  • 工作单格式
  • 卡片格式
题名:
让我们与儿童一起生活吧
    
 
作者: 单中惠 著
分册:  
出版信息: 上海   华东师范大学出版社  2008
页数: 272页
开本: 24cm
丛书名: 幼儿教育书系
单 册:
中图分类: G610 , K835.165.46=41
科图分类:
主题词: 幼儿园--教育理论 , 教育家--生平事迹
电子资源:
ISBN: 978-7-5617-6215-8
000 01154oam2 2200301 450
001 1567582056
005 20150131184638.92
010    @a978-7-5617-6215-8@dCNY36.00
100    @a20090119d2008 em y0chiy50 ea
101 0  @achi
102    @aCN@b310000
105    @aa z 000yd
200 1  @a让我们与儿童一起生活吧@9rang wo men yu er tong yi qi sheng huo ba@e幼儿园之父福禄培尔@f单中惠著
210    @a上海@c华东师范大学出版社@d2008
215    @a272页@c照片,图@d24cm
225 2  @a幼儿教育书系
312    @a封面英文题名:Let us live with our children
330    @a本书梳理了福禄培尔的生平,展示了他为教育事业特别是幼儿教育事业奋斗和奉献的一生。书中探求了福禄培尔教育思想的精华,论及福禄培尔所构建的幼儿园教育理论体系,他为幼儿园所设计的“恩物”、作业及游戏,以及他的教育思想在世界各地的影响力。
461  0 @12001 @a幼儿教育书系
510 1  @aLet us live with our children@zeng
606 0  @a幼儿园@x教育理论
606 0  @a教育家@x生平事迹
610 0  @a福禄培尔(1782-1852)
690    @aG610@v5
690    @aK835.165.46=41@v5
701  0 @a单中惠@9shan zhong hui@f(1945~)@4著
801  0 @aCN@bTSSF@c20150131
905    @aZUCC@dG610@eJY36
    
    让我们与儿童一起生活吧:幼儿园之父福禄培尔/单中惠著.-上海:华东师范大学出版社,2008
    272页:照片,图;24cm.-(幼儿教育书系)
    
    
    ISBN 978-7-5617-6215-8:CNY36.00
    本书梳理了福禄培尔的生平,展示了他为教育事业特别是幼儿教育事业奋斗和奉献的一生。书中探求了福禄培尔教育思想的精华,论及福禄培尔所构建的幼儿园教育理论体系,他为幼儿园所设计的“恩物”、作业及游戏,以及他的教育思想在世界各地的影响力。
●
相关链接 在E读中查询图书 在五车中查询图书 在当当中查询图书 在豆瓣中查询图书


正题名:让我们与儿童一起生活吧     索取号:G610/JY36         预约/预借

序号 登录号 条形码 馆藏地/架位号 状态 备注
1 7857476   278574767   学院路分馆/ [索取号:G610/JY36] 在馆    
唐山师范学院图书馆 欢迎您!
大连网信软件有限公司© 版权所有